Fast Typing - US States - Statistics

General Stats
  • This quiz has been taken 119 times
  • The average score is 15 of 30
Answer Stats
Hint Answer % Correct
ALASKA ALASKA
98%
CONNECTICUT CONNECTICUT
98%
IDAHO IDAHO
97%
TENNESSEE TENNESSEE
97%
WYOMING WYOMING
97%
OREGON OREGON
94%
UTAH UTAH
84%
MASSACHUSETTS MASSACHUSETTS
83%
WASHINGTON WASHINGTON
83%
FLORIDA FLORIDA
76%
OKLAHOMA OKLAHOMA
70%
MONTANA MONTANA
63%
TEXAS TEXAS
57%
CALIFORNIA CALIFORNIA
52%
ARIZONA ARIZONA
49%
COLORADO COLORADO
43%
DELAWARE DELAWARE
40%
MICHIGAN MICHIGAN
35%
MARYLAND MARYLAND
29%
WISCONSIN WISCONSIN
24%
ARKANSAS ARKANSAS
22%
NEBRASKA NEBRASKA
16%
MINNESOTA MINNESOTA
14%
OHIO OHIO
14%
MISSOURI MISSOURI
11%
GEORGIA GEORGIA
10%
ALABAMA ALABAMA
8%
VERMONT VERMONT
8%
VIRGINIA VIRGINIA
8%
MAINE MAINE
6%
No matching quizzes found
Score Distribution
Percent of People with Each Score
Percentile by Number Answered
Your Score History
You have not taken this quiz